Busiest airports of capital cities - Statistics

General Stats
  • This quiz has been taken 80 times
  • The average score is 16 of 18
Answer Stats
Passengers (2019) Capital city % Correct
46,574,786 London - Gatwick
100%
80,844,310 London - Heathrow
100%
76,150,007 Paris
100%
100,011,000 Beijing
99%
85,505,054 Tokyo - Haneda
99%
44,340,847 Tokyo - Narita
99%
61,734,037 Madrid
97%
50,308,049 Mexico City
97%
68,490,731 Delhi
92%
49,933,000 Moscow
92%
71,706,999 Amsterdam
88%
71,169,516 Seoul
88%
65,424,697 Bangkok
83%
54,496,625 Jakarta
82%
68,300,000 Singapore
79%
47,898,046 Manila
74%
62,336,469 Kuala Lumpur
68%
48,689,372 Taipei
65%
No matching quizzes found
Score Distribution
Percent of People with Each Score
Percentile by Number Answered
Your Score History
You have not taken this quiz